Aegean working papers
Αποθηκεύτηκε σε:
| Συγγραφή απο Οργανισμό/Αρχή: | |
|---|---|
| Άλλοι συγγραφείς: | , |
| Μορφή: | Περιοδική έκδοση |
| Γλώσσα: | English |
| Δημοσίευση: |
Chios, Greece :
University of the Aegean. Department of Shipping, Trade and Transport,
[200-]-
|
| Θέματα: | |
| Ετικέτες: |
Προσθήκη ετικέτας
Δεν υπάρχουν, Καταχωρήστε ετικέτα πρώτοι!
|
MARC
| LEADER | 00000nas a2200000 i 4500 | ||
|---|---|---|---|
| 001 | 1/88492 | ||
| 008 | 080611c20 9999gr eng | ||
| 022 | |a 11099437 | ||
| 035 | |l 10098128 | ||
| 040 | |a GR-MY-UA |b gre |e aacr | ||
| 041 | 0 | |a eng | |
| 082 | 0 | |a 307.1205 | |
| 245 | 1 | 0 | |a Aegean working papers |h [περιοδικό] / |c N.Litinas (chair), John Karkazis (co-chair). |
| 260 | |a Chios, Greece : |b University of the Aegean. Department of Shipping, Trade and Transport, |c [200-]- | ||
| 300 | |a τ. : |b εικ. ; |c 24 εκ. | ||
| 310 | |a Ετήσιο | ||
| 650 | 0 | 0 | |a Regional planning |x Periodicals. |
| 650 | 0 | 0 | |a City planning |x Periodicals. |
| 700 | 1 | |a Λίτινας, Νικόλαος. |4 edt | |
| 700 | 1 | |a Καρκαζής, Γιάννης. |4 edt | |
| 710 | 2 | |a Πανεπιστήμιο Αιγαίου |b Σχολή Επιστημών της Διοίκησης |b Τμήμα Ναυτιλίας και Επιχειρηματικών Υπηρεσιών. | |
| 853 | |a INST |b CHIOS |c SER |h 307.1205 | ||
| 901 | |a BIBL2-2008-2 | ||
| 920 | |a ΚΑΡΚΑΖΗΣ |b ΙΩΑΝΝΗΣ |y ΧΙΟΣ |z 200805 | ||
| 970 | |a ΣΑΛΑΜΟΥΡΑ |b ΜΑΡΙΑ |z 2008/06/11 | ||